| 000 | 00769nam a2200157 a 4500 | ||
|---|---|---|---|
| 008 | 121221s2011 ||||||||||||||||| || u | ||
| 050 | _aHC 915 Uni | ||
| 110 | _aUnited Nations Development Programme (UNDP) | ||
| 245 | 1 | 0 |
_aZambia human development report 2011: service delivery for sustainable human development, executive summary and action plan _cby United Nations Development Programme [UNDP] |
| 260 |
_aLusaka: _bUnited Nations Development Programme (UNDP) _c2011 |
||
| 300 | _a32p.: ill. | ||
| 362 | 1 | _a<p>Executive Summary and Action Plan, 2011</p> | |
| 650 | _aHUMAN DEVELOPMENT REPORT--ZAMBIA | ||
| 650 | _aHUMAN DEVELOPMENT | ||
| 995 |
_FCBU-MAIN LIBRARY (Kitwe) _M1 _UAVAILABLE _WDec 26, 2012 _ZZambiana Collection |
||
| 999 |
_c62377 _d62377 |
||